| 000 | 00951nam a2200277 a 4500 | ||
|---|---|---|---|
| 005 | 20250926063904.0 | ||
| 008 | 021002s2000 mx r 000 0 spa d | ||
| 020 | _a9702600006 | ||
| 035 | _aUPN01000119884 | ||
| 049 | _aCG | ||
| 050 | 4 |
_aTK5105.5 _bC6.58 2000 |
|
| 100 | 1 | _aComer, Douglas E. | |
| 245 | 1 | 0 |
_aInterconectividad de redes con TCP/IP : _bvolumen 2 : diseño e implementación / _cDouglas E. Comer, David L. Stevens ; tr. Sergio Kourchenko Barrena. |
| 250 | _a3a. ed. | ||
| 260 |
_aMéxico : _bPearson Educación, _c2000. |
||
| 300 | _a660 p. | ||
| 500 | _a"Versión de C del ANSI" | ||
| 534 |
_pTraducción de: _tInternetworking TCP/IP |
||
| 650 | 4 | _aTCP/IP (PROTOCOLO PARA REDES DE COMPUTADORAS) | |
| 650 | 4 |
_aRedes de computadoras _915362 |
|
| 650 | 4 |
_aINTERNETWORKING (TELECOMUNICACION) _98978 |
|
| 700 | 1 |
_aStevens, David L., _ecoaut. |
|
| 700 | 1 |
_aKourchenko Barrena, Sergio, _etr. |
|
| 902 | _aBDV/BDV | ||
| 905 | _aLibro | ||
| 999 |
_c92234 _d92234 |
||